[Event "Pardubice Open A"]
[Site "Pardubice (CZE)"]
[Date "2015.08.01"]
[Round "9.87"]
[White "SPALIR, Jernej"]
[Black "GERGEL, Vladimir P"]
[Result "1/2-1/2"]
[WhiteElo "2346"]
[BlackElo "2202"]
[PlyCount "141"]
[EventDate "2015.07.24"]

1. d4 d5 2. c4 e6 3. Nc3 Nf6 4. Nf3 Bb4 5. Bg5 h6 6. Bh4 c6 7. Nd2 Nbd7 8. a3
Be7 9. e3 O-O 10. Be2 e5 11. Nf3 exd4 12. Nxd4 dxc4 13. Bxc4 Ne5 14. Be2 Nd5
15. Bxe7 Nxe7 16. O-O Bf5 17. Qb3 Qb6 18. Qxb6 axb6 19. Rfd1 b5 20. Nxf5 Nxf5
21. e4 Ne7 22. f4 N5g6 23. g3 Rfd8 24. Kf2 Nf8 25. Bg4 Nh7 26. e5 f5 27. Be2
Nf8 28. a4 Rxd1 29. Rxd1 bxa4 30. Bc4+ Kh7 31. Be2 g6 32. Ra1 b5 33. b3 a3 34.
b4 Ne6 35. Nb1 Nd5 36. Nxa3 Nxb4 37. Rb1 Ra4 38. Kf1 Nd4 39. Bd1 Rxa3 40. Rxb4
c5 41. Rb2 Kg7 42. Be2 c4 43. Rd2 Nxe2 44. Kxe2 c3 45. Rd7+ Kf8 46. Kd3 b4 47.
Rc7 Ra1 48. Rc4 Rd1+ 49. Kc2 Rd2+ 50. Kc1 Rb2 51. h4 h5 52. Rd4 Ke7 53. Rd3 Re2
54. Kd1 Ra2 55. Kc1 Ra6 56. Kc2 Rc6 57. Rd1 Rc4 58. Kb3 Re4 59. Ra1 Kd7 60.
Ra7+ Kc6 61. Ra8 Kb7 62. Ra5 Kb6 63. Ra8 Kc7 64. Ra5 Kd7 65. Rd5+ Kc6 66. Rd8
Kc7 67. Rd5 Kc8 68. Rd6 Kc7 69. Rd5 Kc6 70. Rd8 Kc7 71. Rd5 1/2-1/2

[Event "Pardubice Open A"]
[Site "Pardubice (CZE)"]
[Date "2015.08.01"]
[Round "9.88"]
[White "GAEHWILER, Gabriel"]
[Black "BREMNER, Adam"]
[Result "1/2-1/2"]
[WhiteElo "2342"]
[BlackElo "2189"]
[PlyCount "90"]
[EventDate "2015.07.24"]

1. e4 c6 2. d4 d5 3. Nc3 dxe4 4. Nxe4 Nf6 5. Bd3 Nxe4 6. Bxe4 Nd7 7. c4 Nf6 8.
Bf3 e6 9. Ne2 Bd6 10. c5 Bc7 11. Bf4 Bxf4 12. Nxf4 Nd5 13. Bxd5 exd5 14. Qe2+
Qe7 15. Qxe7+ Kxe7 16. Kd2 Re8 17. Rhe1+ Be6 18. Re5 Kf8 19. Rae1 Bd7 20. Rxe8+
Rxe8 21. Rxe8+ Kxe8 22. Nh5 g6 23. Nf6+ Ke7 24. Nxd7 Kxd7 25. Ke3 Ke6 26. Kf4
Kf6 27. h4 h6 28. g4 g5+ 29. hxg5+ hxg5+ 30. Ke3 Ke6 31. Kd3 Kd7 32. Kc3 Kc7
33. b4 Kb8 34. Kb3 Ka8 35. Ka4 Kb8 36. b5 Ka8 37. Ka5 Kb8 38. a4 Ka8 39. Kb4
Kb8 40. a5 a6 41. b6 Ka8 42. Kc3 Kb8 43. Kd3 Ka8 44. Ke3 Kb8 45. f4 f6 1/2-1/2

[Event "Pardubice Open A"]
[Site "Pardubice (CZE)"]
[Date "2015.08.01"]
[Round "9.89"]
[White "RJABZEV, Konstantin"]
[Black "WOZNIAK, Mariola"]
[Result "0-1"]
[WhiteElo "2314"]
[BlackElo "2199"]
[PlyCount "120"]
[EventDate "2015.07.24"]

1. e4 c5 2. Nf3 d6 3. Bb5+ Bd7 4. Bxd7+ Qxd7 5. O-O Nf6 6. Re1 Nc6 7. c3 e6 8.
d4 cxd4 9. cxd4 d5 10. e5 Ne4 11. Nbd2 Nxd2 12. Bxd2 Be7 13. Rc1 O-O 14. a3
Rfc8 15. Rc3 Nd8 16. Rd3 Qb5 17. Bc3 Rc7 18. h4 Rac8 19. Ree3 a5 20. h5 Qa6 21.
Ne1 b5 22. Rg3 b4 23. Qg4 g6 24. Bd2 a4 25. Rh3 b3 26. Rdg3 Bf8 27. Nd3 Qb5 28.
Nc5 Bxc5 29. hxg6 hxg6 30. Qh4 Kf8 31. dxc5 Ke8 32. Be3 Kd7 33. Rg4 Qe2 34. Bd4
Kc6 35. Bc3 Nb7 36. Rxa4 Nxc5 37. Rb4 Ne4 38. Bd4 Kd7 39. Qf4 Ke7 40. Rh7 Rf8
41. Kh2 Qd1 42. Be3 g5 43. Qf3 Qc2 44. Rh5 Qxb2 45. Bxg5+ Nxg5 46. Qf6+ Kd7 47.
Rxg5 Qc2 48. Rg7 Kc8 49. Rg3 b2 50. Qg7 Re8 51. Rgb3 Qxf2 52. Rxb2 Qf5 53. Rh4
Rc4 54. Rxc4+ dxc4 55. Rb4 Qf4+ 56. Kh3 Rd8 57. Rb2 c3 58. Re2 Rd4 59. g3 Qf1+
60. Rg2 Rd2 0-1

[Event "Pardubice Open A"]
[Site "Pardubice (CZE)"]
[Date "2015.08.01"]
[Round "9.90"]
[White "SOYSAL, Serkan"]
[Black "BARTHEL, Ansgar"]
[Result "1-0"]
[WhiteElo "2293"]
[BlackElo "2187"]
[PlyCount "75"]
[EventDate "2015.07.24"]

1. d4 d6 2. Nf3 Nf6 3. c4 Nbd7 4. Nc3 e5 5. e4 Be7 6. Be2 O-O 7. O-O c6 8. Be3
Ng4 9. Bd2 Re8 10. d5 Ngf6 11. b4 cxd5 12. cxd5 Nf8 13. a4 Ng6 14. a5 a6 15.
Be3 Nd7 16. g3 b5 17. axb6 Nxb6 18. Qb3 Qc7 19. Ra3 Bg4 20. Rfa1 Bxf3 21. Bxf3
Nc4 22. Nb5 Qb7 23. Qxc4 Rac8 24. Qd3 Qxb5 25. Qxb5 axb5 26. Be2 Rb8 27. Ra5
Rb7 28. Ra7 Reb8 29. Rc1 Rxa7 30. Bxa7 Rb7 31. Rc8+ Nf8 32. Bb8 f5 33. exf5 Kf7
34. Bh5+ Kf6 35. Be8 Nd7 36. Bc7 Nb6 37. Bc6 Nxc8 38. Bxb7 1-0

[Event "Pardubice Open A"]
[Site "Pardubice (CZE)"]
[Date "2015.08.01"]
[Round "9.91"]
[White "WARAKOMSKA, Anna"]
[Black "LEHMANN, Holger"]
[Result "1-0"]
[WhiteElo "2274"]
[BlackElo "2180"]
[PlyCount "63"]
[EventDate "2015.07.24"]

1. e4 c5 2. Nf3 Nc6 3. d4 cxd4 4. Nxd4 e5 5. Nb5 a6 6. Nd6+ Bxd6 7. Qxd6 Qf6 8.
Qd1 Qg6 9. Nc3 Nge7 10. g3 d5 11. Bg2 dxe4 12. Nxe4 O-O 13. c3 Bh3 14. Bf3 Rad8
15. Qe2 h6 16. Bd2 f5 17. Nc5 e4 18. Bh5 Qf6 19. O-O-O Ne5 20. Bf4 N7c6 21. Qc2
Qe7 22. Qb3+ Kh7 23. Be3 Rb8 24. Be2 Bg4 25. Bxg4 fxg4 26. Nxe4 Rfd8 27. Nc5
Rxd1+ 28. Rxd1 Nf3 29. Rd7 Qf8 30. Ne6 Qf6 31. Rxg7+ Kh8 32. Qc2 1-0